000 00714nam a2200181Ia 4500
008 100920s9999 xx 000 0 und d
082 _b104250
_a891.43 न 06
100 _aसक्सेना वीरेंद्र.
245 _aजीवन विमर्श : चिंताएं और चिंतन.
260 _bपंकज बुक्स , दिल्ली.
_c2006
300 _a136
_bसाधी
365 _b150
520 _aहिंदी.
630 _aजीवन विमर्श : चिंताएं और चिंतन.
650 _aहिंदी.
730 _aजीवन विमर्श : चिंताएं और चिंतन.
942 _cBOOK
999 _c744682
_d744679